| 000 | 00619nam a2200229Ia 4500 | ||
|---|---|---|---|
| 003 | BUBTL | ||
| 008 | 151213s9999 xx 000 0 und d | ||
| 020 | _a0-07-231288-2 | ||
| 082 | _a658.4 / L97o | ||
| 100 |
_aLuthans, Fred _91513 |
||
| 245 |
_aOrganizational Behavior _cFred Luthans |
||
| 250 | _a9th | ||
| 260 |
_aBoston _bMcGraw hill _cc2002 |
||
| 300 |
_a[xviii] , 644p . : _bill , 22cm . |
||
| 500 | _aIncludes Index . | ||
| 650 |
_aManagement _92865 |
||
| 650 |
_aManagement _92865 |
||
| 700 |
_aFred Luthans _92866 |
||
| 856 |
_k0 _l0 _yDownload |
||
| 942 |
_2ddc _cBK |
||
| 999 |
_c1062 _d1062 |
||